000 00356nam a2200145Ia 4500
008 230917s9999||||xx |||||||||||||| ||und||
040 _e251734
_aMAIN
041 _aEnglish
082 _a780.5 C349B
100 _aChabra, Ritu
245 0 _aBharatiya sanskriti ke uthan mein sangeet kala ka yogdan
260 _c2016
300 _a253 p.
942 _cTH
999 _c128195
_d128195